000 00542cam a22002171 4500
001 6489830
005 20180214033841.0
008 780214s1950 ilu b 000 0 eng
010 _a 50009785
035 _a(OCoLC)3637361
040 _aDLC
_cOKentU
_dOCoLC
_dDLC
041 _aeng
080 _a808.7
082 _a808.7 HER
100 1 _a16
101 _aHIS
245 1 0 _aComic theory in the sixteenth century.
504 _aBibliography: p. 240-244.
906 _a7
_bcbc
_coclcrpl
_du
_encip
_f19
_gy-gencatlg
942 _2ddc
_cBK
999 _c42454
_d42454